Normal view
MARC view
- Gear cutting practice
Entry Topical Term
001 - CONTROL NUMBER
- control field: 110601
003 - CONTROL NUMBER IDENTIFIER
- control field: NUST
005 - DATE AND TIME OF LATEST TRANSACTION
- control field: 20230320111357.0
008 - FIXED-LENGTH DATA ELEMENTS
- fixed length control field: 230320|| aca||aabn | a|a d
040 ## - CATALOGING SOURCE
- Original cataloging agency: NUST
- Transcribing agency: NUST
150 ## - HEADING--TOPICAL TERM
- Topical term or geographic name entry element: Gear cutting practice
670 ## - SOURCE DATA FOUND
- Source citation: Work cat.: (NUST)194289: Colvin, Fred H. 110600, Gear cutting practice :, 1943
